00000000nam##2200000za#4500
0019.623753
003CaOODSP
00520200330205250
007ta
008150406|1996||||xxc|||||     f|0| 0 fre|d
020 |a0-662-80876-2
040 |aCaOODSP|bfre
043 |an-cn---
0861 |aEn153-6/11-1996F
1101 |aCanada. |bEnvironnement Canada. |bService de la protection de l'environnement.
24510|aElkem Métal Canada Inc
260 |aMontréal - Québec : |bEnvironnement Canada. |c1996.
300 |a4p. : |bgraphique, tableau ; |c28 cm.
4901 |aLes établissements industriels: faits saillant |v11
563 |aDépliant
590 |a96-48|b1996-11-29
7760#|tElkem Métal Canada Inc. |w(CaOODSP)9.816862
830#0|aÉtablissements industriels : faits saillants ;|v11|w(CaOODSP)9.512955